000 01040nam a2200325 i 4500
001 bg
100 1 _aLOUART, Pierre
245 1 0 _aKierowanie personelem w przedsiębiorstwie /
_cPierre Louart ; przekł. z fr. Marian Egeman.
246 _iTyt. oryg.:
_aGestion des ressources humaines
260 _aWarszawa :
_b"Poltext",
_c1997.
300 _a239, [1] s. ;
_c24 cm.
490 1 _aFinanse, Zarządzanie, Rozwój
500 _aOryg. : "Gestion des ressources humaines" 1994.
504 _aBibliogr. s. 237.
650 9 _aKadry
_xpolityka
650 9 _aZarządzanie
_xmetody
650 9 _aPraca
_xorganizacja
650 9 _aPrzedsiębiorstwo
_xorganizacja
650 9 _aPrzedsiębiorstwo
_xzatrudnienie
655 _aPodręczniki akademickie
700 1 _aEGEMAN, Marian.
_eTł.
830 _aFinanse, Zarządzanie, Rozwój
020 _a838536689X
040 _cBPK
041 1 _apl
_hfr
080 _a658.3.012.4:331.103](075.8)
920 _a83-85366-89-X
942 _cKS
008 s pl f |000 0 pol
999 _c25300
_d25300
856 _uhttp://koha.tu.koszalin.pl/cgi-bin/koha/opac-detail.pl?biblionumber=25300
_yKatalog online BPK